| 000 | 00755nas a2200277 4500 | ||
|---|---|---|---|
| 001 | BR2013010989 | ||
| 003 | BR-BrBNA | ||
| 005 | 20231205123543.0 | ||
| 007 | ta | ||
| 008 | 230509b bl.|||p| |||| 00| 00por d | ||
| 040 |
_aBR-BrBNA _bpor _cBiblioteca Nacional de Agricultura |
||
| 041 | _a(Pt) | ||
| 072 | _aL73 | ||
| 100 | 1 | _aHorta, R. dos S. | |
| 100 | 1 | _aCampos, C.B. de | |
| 100 | 1 | _aLavallle, G.E. | |
| 245 | 1 | _aBiologia tumoral | |
| 650 | _aCÉLULA | ||
| 650 | _aTUMOR | ||
| 650 | _aCÂNCER | ||
| 650 | _aFENÓTIPO | ||
| 650 | _aGENE | ||
| 773 | 0 |
_tCadernos Técnicos de Veterinária e Zootecnia (Brazil) _xISSN 1676-6024 _g(Sep 2013), v. 70 p. 9-26 _wBR2013010989 |
|
| 909 |
_a202311 _bLúcia _c55 _dLúcia Elande |
||
| 942 |
_2AGRIS _n0 _cANA |
||
| 999 |
_c234484 _d234484 |
||